00423nam a2200121Ia 4500008004100000082002000041100002800061245002200089260003300111300001000144630001800154650012900172211109s9999||||xx |||||||||||||| ||und|| a894.812 bPUT-S aPuthezhath, Raman Menon 0aSakthan Thampuran bMathrubhumiaKozhikodec1942 a616p. xGeneral Stack aLiterature & rhetoricvLiteratures of other languagesAltaic, Uralic, Hyperborean & Dravidianmalayalam literature xGeneralia